Nouvelles Mégas-évolutions du dlc de Légendes Pokémon Z-A - Statistiques

Statistiques générales
  • Ce quiz a été pris 37 fois
  • Le résultat moyen est 14 sur 19
Statistiques - réponses
Pokémon % Correct
Absol Z
90%
Lucario Z
90%
Carchakrok Z
83%
Heatran
83%
Darkrai
80%
Éoko
77%
Raichu X
77%
Raichu Y
77%
Crabominable
70%
Magearna
70%
Zeraora
70%
Étouraptor
67%
Glaivodo
67%
Nigirigon
67%
Golemastoc
63%
Mistigrix
63%
Scovilain
63%
Sarmuraï
57%
Floréclat
53%
Aucun quiz correspondant
Distribution des résultats
% des personnes avec chaque résultat
Percentile par nombre de réponses
Votre historique - résultats
Vous n’avez pas pris ce quiz